| 000 | 01296cad a22002295a 4500 | ||
|---|---|---|---|
| 001 | L142880 | ||
| 008 | 080317e2008 xxk f 000 0 eng d | ||
| 035 | _a(Sirsi) u142880 | ||
| 041 | 0 | _aeng | |
| 100 | 1 | _aHo, Francis | |
| 245 | 0 | 0 |
_aSustainability in the construction industry _h[electronic resource] |
| 260 | _c2008 | ||
| 490 | 0 |
_aRICS Feature _v12 March 2008 |
|
| 520 | _aBriefly discusses some of the issues surrounding sustainability in the construction industry. Explains the concept of sustainable development, highlights the construction perspective, and considers sustainability and development, with reference to the Code for Sustainable Homes. Considers what developers should do to achieve greater sustainability and highlights the JCT's consultation on whether contracts should deal with sustainability. | ||
| 590 | _aKA | ||
| 650 | 2 | 4 | _aDCLG CODE FOR SUSTAINABLE HOMES |
| 651 | 4 |
_aUnited Kingdom _y |
|
| 690 | _aBUILT ENVIRONMENT-SUSTAINABLE CONSTRUCTION | ||
| 710 | 2 |
_aCameron McKenna _93669 |
|
| 856 | 4 | 0 |
_uhttps://www.cms-cmck.com/hubbard.filesystem/files/publication/97bbac80-5950-4e88-8b46-022fa8c81d9a/presentation/publicationattachment/53357f33-ad13-4232-b537-033dcde11453/sustainabilitybulletin.pdf _zView the article free of charge at www.cms-cmck.com |
| 942 | _n0 | ||
| 999 |
_c79959 _d79959 |
||